Les 20 villes les plus peuplées du Territoire-de-Belfort (90) - Statistiques

Statistiques générales
  • Ce quiz a été pris 43 fois
  • Le résultat moyen est 10 sur 20
Statistiques - réponses
HINT HINT ANSWER % Correct
45 646 B Belfort
100%
5 677 D Delle
87%
5 193 V Valdoie
84%
3 531 D Danjoutin
71%
4 641 B Bavilliers
61%
2 897 G Giromagny
55%
2 963 G Grandvillars
55%
4 054 O Offemont
55%
4 985 B Beaucourt
52%
3 382 E Essert
45%
1 304 B Bessoncourt
35%
1 935 C Cravanche
35%
1 395 É Étueffont
35%
1 439 J Joncherey
35%
1 566 C Chèvremont
32%
2 637 C Châtenois-les-Forges
29%
1 737 B Bourogne
26%
2 022 É Évette-Salbert
26%
1 481 R Rougemont-le-Château
19%
1 420 M Meroux-Moval
16%
Aucun quiz correspondant
Distribution des résultats
% des personnes avec chaque résultat
Percentile par nombre de réponses
Votre historique - résultats
Vous n’avez pas pris ce quiz